000 00446nam a2200157 4500
001 121053
003 ES-MaACL
005 20230906191658.0
007 t|
008 070214s1999 sp r ||||1| cat d
100 1 _aPonces Vergé, Jorge.
_992961
245 1 0 _aTracte familiar del subnormal /
_cpel Jorge Ponces Vergé.
260 _aBarcelona :
_bMiguel Arimany,
_c1970.
300 _a118 p. ;
_c20 cm.
852 _aES-MaACL
_jC-45257
_bR.76254
999 _c121053
_d121053